Ganado ovino y caprino / Elaborado por Birmania Wagner J. (Registro nro. 1965)
[ vista simple ]
| 000 -LEADER | |
|---|---|
| fixed length control field | 00584nam a22002051a 4500 |
| 001 - CONTROL NUMBER | |
| control field | 1965 |
| 003 - CONTROL NUMBER IDENTIFIER | |
| control field | OSt |
| 005 - DATE AND TIME OF LATEST TRANSACTION | |
| control field | 20260204211754.0 |
| 008 - FIXED-LENGTH DATA ELEMENTS--GENERAL INFORMATION | |
| fixed length control field | 040122s1995||||dr ||||||b||||||||||spa|| |
| 050 ## - LIBRARY OF CONGRESS CALL NUMBER | |
| Classification number | RD 636.301 F963g |
| 082 ## - DEWEY DECIMAL CLASSIFICATION NUMBER | |
| Classification number | RD 636.301 F963g |
| 110 ## - ASIENTO PRINCIPAL -- NOMBRE CORPORATIVO | |
| Corporate name or jurisdiction name as entry element | Fundación de Desarrollo Agropecuario |
| 245 ## - TÍTULO PROPIAMENTE DICHO: SUBTÍTULO | |
| Title | Ganado ovino y caprino / Elaborado por Birmania Wagner J. |
| 264 ## - PRODUCTION, PUBLICATION, DISTRIBUTION, MANUFACTURE, AND COPYRIGHT NOTICE | |
| Place of production, publication, distribution, manufacture | Santo Domingo : F.D.A |
| 300 ## - PHYSICAL DESCRIPTION | |
| Extensión | 40 p. |
| 500 ## - GENERAL NOTE | |
| General note | Incluye bibliografía |
| 650 ## - ASIENTO SECUNDARIO DE MATERIA -- TERMINO TEMÁTICO | |
| Termino Temático Como Elemento de Entrada | 1.Rumiantes Menores 2.Producción Ovina y Caprina |
| 700 ## - ASIENTO SECUNDARIO -- NOMBRE PERSONAL | |
| Personal name | Wagner BirmaniaÌ |
| 942 ## - ADDED ENTRY ELEMENTS (KOHA) | |
| Source of classification or shelving scheme | Dewey Decimal Classification |
| Koha item type | Libros |
| Withdrawn status | Lost status | Source of classification or shelving scheme | Damaged status | Not for loan | Current library | Date acquired | Total Checkouts | Full call number | Barcode | Date last seen | Price effective from | Koha item type |
|---|---|---|---|---|---|---|---|---|---|---|---|---|
| Dewey Decimal Classification | Biblioteca UTECO | 09/09/2019 | RD 636.301 F963G | 005436 | 09/09/2019 | 09/09/2019 | Libros |
